| 000 | 00452nam a22001697a 4500 | ||
|---|---|---|---|
| 003 | BD-ChCU | ||
| 005 | 20251126091514.0 | ||
| 008 | 251126b bg ||||| |||| 00| 0 ben d | ||
| 040 | _cBD-ChCU | ||
| 082 | _a510.1 SPS | ||
| 100 |
_aSpitznagel, Edward L. _916913 |
||
| 245 |
_aSelected topics in mathematics.// _cEdward L. Spitznagel. |
||
| 260 |
_aNew York _bHolt _c1971 |
||
| 300 | _axi, 323p | ||
| 650 | 0 |
_aMathematics. _916915 |
|
| 942 |
_2ddc _cBK _n0 |
||
| 999 |
_c109837 _d109837 |
||